Книга мудрости

Dades bibliogràfiques
Sumari:Ценность этой книги заключена буквально в каждом слове. Ее авторы - величайшие люди мировой значимости, имена которых связаны с разными эпохами человеческой истории. Однако всех их объединяет уникальный талант - выразить глубинную суть внимательного жизненного наблюдения в одной блестящей фразе. Темы, затронутые в этой книге, актуальны во все времена: непримиримый конфликт добра и зла, призрачная грань между любовью и ненавистью, парадоксы отношений мужчин и женщин, непостижимость бытия и многие другие. Гениальные высказывания великих людей помогают нам взглянуть на действительность с высоты их опыта, стать мудрее и осознаннее. Это роскошное издание - истинное наслаждение для глаз и для ума. Оно, несомненно, станет жемчужиной вашей домашней библиотеки или же великолепным подарком дорогому человеку по торжественному случаю.
Idioma:rus
Publicat: Санкт-Петербург, Весь, 2011
Matèries:
Format: Llibre
KOHA link:https://koha.lib.tpu.ru/cgi-bin/koha/opac-detail.pl?biblionumber=347734

MARC

LEADER 00000nam0a2200000 4500
001 347734
005 20231102010030.0
010 |a 9785957322832 
035 |a (RuTPU)RU\TPU\book\379689 
090 |a 347734 
100 |a 20220614d2011 m y0rusy50 ca 
101 0 |a rus 
102 |a RU 
105 |a a z 000zy 
200 1 |a Книга мудрости 
210 |a Санкт-Петербург  |c Весь  |d 2011 
215 |a 128 с.  |c ил. 
330 |a Ценность этой книги заключена буквально в каждом слове. Ее авторы - величайшие люди мировой значимости, имена которых связаны с разными эпохами человеческой истории. Однако всех их объединяет уникальный талант - выразить глубинную суть внимательного жизненного наблюдения в одной блестящей фразе. Темы, затронутые в этой книге, актуальны во все времена: непримиримый конфликт добра и зла, призрачная грань между любовью и ненавистью, парадоксы отношений мужчин и женщин, непостижимость бытия и многие другие. Гениальные высказывания великих людей помогают нам взглянуть на действительность с высоты их опыта, стать мудрее и осознаннее. Это роскошное издание - истинное наслаждение для глаз и для ума. Оно, несомненно, станет жемчужиной вашей домашней библиотеки или же великолепным подарком дорогому человеку по торжественному случаю. 
606 1 |a Афоризмы  |2 stltpush  |3 (RuTPU)RU\TPU\subj\29817  |9 53074 
610 1 |a мудрые мысли 
610 1 |a цитаты 
610 1 |a изречения 
675 |a 811  |v 4 
801 1 |a RU  |b 63413507  |c 20220614 
801 2 |a RU  |b 63413507  |c 20220725  |g RCR 
942 |c BK